វិធានការចំរុះការពារដំណាំ IPM លើស្រែកសិករ (mixed measure of ipm to protect rice in the farmer's fields) (Record no. 279)

000 -LEADER
fixed length control field 00548nam a22001577a 4500
003 - CONTROL NUMBER IDENTIFIER
control field OSt
005 - DATE AND TIME OF LATEST TRANSACTION
control field 20150912105908.0
008 - FIXED-LENGTH DATA ELEMENTS--GENERAL INFORMATION
fixed length control field 150912b xxu||||| |||| 00| 0 eng d
040 ## - CATALOGING SOURCE
Transcribing agency RUA
082 ## - DEWEY DECIMAL CLASSIFICATION NUMBER
Classification number AGR ឌុច 1995 B015 Or.1
100 ## - MAIN ENTRY--PERSONAL NAME
9 (RLIN) 301
Personal name ឌុច វណ្ណៈ
245 ## - TITLE STATEMENT
Title វិធានការចំរុះការពារដំណាំ IPM លើស្រែកសិករ (mixed measure of ipm to protect rice in the farmer's fields)
260 ## - PUBLICATION, DISTRIBUTION, ETC. (IMPRINT)
Place of publication, distribution, etc. Phnom Penh
Name of publisher, distributor, etc. RUA
Date of publication, distribution, etc. 1995
300 ## - PHYSICAL DESCRIPTION
Extent 103p.
Other physical details ill.
Dimensions 29cm.
942 ## - ADDED ENTRY ELEMENTS (KOHA)
Source of classification or shelving scheme
Koha item type AGR
Holdings
Price effective from Date last seen Permanent Location Not for loan Date acquired Source of classification or shelving scheme Koha item type Lost status Withdrawn status Date last checked out Total Checkouts Shelving location Damaged status Barcode Checked out Current Location Full call number
2015-09-122019-12-20Library Block B 2015-09-12 AGR  2019-12-041B015 RUA003185 Library Block BAGR ឌុច 1995 B015 Or.1
2015-09-122018-02-05Library Block B 2015-09-12 AGR  2018-01-261B015 RUA003257 Library Block BAGR ឌុច 1995 B015 Or.2
2015-09-122015-09-12Library Block B 2015-09-12 AGR    B015 RUA003401 Library Block BAGR ឌុច 1995 B015 Or.3
2015-09-122016-10-11Library Block B 2015-09-12 AGR  2016-09-211B015 RUA003840 Library Block BAGR ឌុច 1995 B015 Or.4
2015-09-122015-09-12Library Block B 2015-09-12 AGR    B015 RUA003837 Library Block BAGR ឌុច 1995 B015 Or.5
2015-09-122019-01-09Library Block B 2015-09-12 AGR  2018-12-142B015 RUA008085 Library Block BAGR ឌុច 1995 B015 Or.6
2015-09-122015-09-12Library Block B 2015-09-12 AGR    B015 RUA007278 Library Block BAGR ឌុច 1995 B015 Or.7
2015-09-122026-06-26Library Block B 2015-09-12 AGR  2026-06-261B015 RUA0073472026-07-31Library Block DAGR ឌុច 1995 B015 Or.8
មជ្ឈមណ្ឌលឯការនៃសាកលវិទ្យាល័យភូមិន្ទកសិកម្មចំការដូង

Powered by Koha